Bronie w serii Worms - Statystyki

Ogólne statystyki
  • Ten quiz został rozwiązany 9 razy
  • Średni wynik to 34 z 116
Statystyki odpowiedzi
Odpowiedź % Poprawnych
Atak Powietrzny
80%
Granat
80%
Kij Baseballowy
80%
Nalot
80%
Atak Grubasa
60%
Babunia
60%
Bazooka
60%
Krowi Szturm
60%
Lina
60%
Mina
60%
Nosorożec
60%
Owca
60%
Spadochron
60%
Staruszka
60%
Strzelba
60%
Super-Owca
60%
Święty Granat
60%
Święty Granat Ręczny
60%
Szalona Krowa
60%
Atak Nuklearny
40%
Atomówka
40%
Bańkomat
40%
Betonowy Osioł
40%
Bomba Bananowa
40%
Bomba Kasetowa
40%
Broń Drużynowa
40%
Dynamit
40%
Działko Strażnicze
40%
Gaz
40%
Gołąb Samonaprowadzający
40%
Indyjski Atak Nuklearny
40%
Kamikadze
40%
Kapitulacja
40%
Katapulta
40%
Lornetka
40%
Łuk
40%
Mikstura Ikara
40%
Młotek
40%
Młot Pneumatyczny
40%
Moździerz
40%
Nadmuchiwany Brytol
40%
Naprawa Budynku
40%
Ognista Pięść
40%
Opuszczenie Tury
40%
Osioł Trojański
40%
Pistolet
40%
Plecak Rakietowy
40%
Pocisk Samonaprowadzający
40%
Podest
40%
Porwanie przez Obcych
40%
Potop
40%
Powódź
40%
Snajperka
40%
Super-Hipopotam
40%
Szturchaniec
40%
Teleportacja
40%
Trebuszet
40%
Wybór Robala
40%
Wyrzutnia Kasetowa
40%
Zatruta Strzała
40%
Zrzut Zwierząt
40%
30-kilowy Kanarek
20%
Armageddon
20%
Atak Napalmowy
20%
Atak Pocztowy
20%
Balista
20%
Belka
20%
Bombardowanie Owcami
20%
Bungee
20%
Celownik laserowy
20%
Działko Wielolufowe
20%
Koktajl Mołotowa
20%
Małpiatki
20%
Mordercze Chilli
20%
Palnik
20%
Plecak odrzutowy
20%
Skunks
20%
Trzęsienie Ziemi
20%
Uzi
20%
Waza Ming
20%
Wielka Kusza
20%
Wielki Laser
20%
Wyładowania Elektryczne
20%
Wyrzutnia Lodówek
20%
Wyrzutnia Rakiet
20%
Zamrożenie
20%
Zrzut Min
20%
Armia Zbawienia
0%
Atak Lekarzy
0%
Atak Loteryjny
0%
Atak Minowy
0%
Bomba Klejowa
0%
Bomba Megabajtowa
0%
Dmuchawka
0%
Krecia Bomba
0%
Magiczny Pocisk
0%
Mega-Mina
0%
Minignat
0%
Miotacz Ognia
0%
Miotacz Owiec
0%
Nalot Dywanowy
0%
Niewidzialność
0%
Niska grawitacja
0%
Red Bull
0%
Samobójca
0%
Słoneczny Wybuch
0%
Smocza Kula
0%
Super Bomba Bananowa
0%
Szale Sprawiedliwości
0%
Szwadron Kretów
0%
Szybkie Chodzenie
0%
Topór
0%
Uzupełnienie Drużyny
0%
Wodna Owca
0%
Zestaw Belek
0%
Zestaw Podestów
0%
Nie znaleziono quizów pasujących do podanych kryteriów
Rozkład punktacji
Procent ludzi z każdym wynikiem
Percentyl według liczby udzielonych odpowiedzi
Twoja historia wyników
Nie rozwiązałeś tego quizu